Music Quiz

Random Music or Album Quiz

Alicia Keys Songs Quiz Stats

 Plays Quiz Updated Sep 7, 2016

Score 0/72 Timer 10:00
0 Plays Today
Album Name Song % Correct
Girl on FireGirl on Fire (Inferno Version)
78.8%
Songs in A MinorFallin'
74.5%
As I AmNo One
67.7%
The Diary of Alicia KeysIf I Ain't Got You
54.5%
The Diary of Alicia KeysDiary
50%
Songs in A MinorA Woman's Worth
42.8%
The Diary of Alicia KeysYou Don't Know My Name
42.8%
The Diary of Alicia KeysKarma
42.1%
As I AmSuperwoman
40.9%
As I AmAs I Am (Intro)
40.5%
As I AmTeenage Love Affair
36.9%
Songs in A MinorGirlfriend
35.8%
The Element of FreedomTry Sleeping with a Broken Heart
35.5%
Songs in A MinorHow Come You Don't Call Me
32.6%
The Element of FreedomThe Element of Freedom (Intro)
31.4%
As I AmLike You'll Never See Me Again
31.2%
Songs in A MinorButterflyz
29.9%
The Element of FreedomUn-thinkable (I'm Ready)
29.6%
The Element of FreedomDoesn't Mean Anything
28.2%
The Element of FreedomPut It in a Love Song
27.6%
Songs in A MinorCaged Bird
25.8%
The Diary of Alicia KeysHeartburn
25.1%
Songs in A MinorJane Doe
24.4%
As I AmLesson Learned
23.9%
As I AmGo Ahead
22.9%
Songs in A MinorMr. Man
22.8%
The Diary of Alicia KeysDragon Days
22%
Songs in A MinorTroubles
21.8%
Songs in A MinorGoodbye
21.8%
The Diary of Alicia KeysIf I Was Your Woman/Walk on By
21.4%
As I AmWreckless Love
21.4%
Songs in A MinorWhy Do I Feel So Sad
21.3%
The Diary of Alicia KeysSamsonite Man
21.1%
Songs in A MinorRock wit U
20.9%
Songs in A MinorNever Felt This Way (Interlude)
20.8%
Songs in A MinorThe Life
20.4%
Album Name Song % Correct
As I AmI Need You
20.1%
Songs in A MinorLovin U
19.9%
As I AmPrelude to a Kiss
19.7%
The Element of FreedomLove Is Blind
19.7%
The Diary of Alicia KeysWake Up
19.4%
The Diary of Alicia KeysSo Simple
19.4%
Girl on FireBrand New Me
19.3%
The Element of FreedomLike the Sea
19.2%
The Element of FreedomEmpire State of Mind (Part II) Broken Down
18.9%
The Diary of Alicia KeysSlow Down
18.3%
The Element of FreedomThis Bed
18.1%
Songs in A MinorPiano & I
18.1%
Girl on FireFire We Make
18.1%
The Element of FreedomWait Til You See My Smile
17.6%
As I AmWhere Do We Go from Here
17%
The Element of FreedomLove Is My Disease
16.9%
The Element of FreedomHow It Feels to Fly
16.8%
As I AmThe Thing About Love
16.7%
The Element of FreedomDistance and Time
16.6%
The Element of FreedomThat's How Strong My Love Is
16.5%
As I AmSure Looks Good to Me
16.2%
Girl on FireNew Day
16.1%
The Diary of Alicia KeysHarlem's Nocturne
15.8%
The Diary of Alicia KeysFeeling U, Feeling Me (Interlude)
15.8%
As I AmTell You Something (Nana's Reprise)
15.5%
The Diary of Alicia KeysNobody Not Really
15.4%
Girl on FireTears Always Win
15.1%
Girl on Fire101
15.1%
Girl on FireNot Even the King
13.7%
The Diary of Alicia KeysWhen You Really Love Someone
12.8%
Girl on FireOne Thing
12.2%
Girl on FireLimitedless
12%
Girl on FireThat's When I Knew
11.6%
Girl on FireWhen It's All Over
11.5%
Girl on FireListen to Your Heart
11%
Girl on FireDe Novo Adagio (Intro)
10.9%

You're not logged in!

Compare scores with friends on all Sporcle quizzes.
OR
Log In

Sporcle TV

Today on Sporcle TV


Watch our educational content, quiz creation guides, and fun videos on Sporcle TV.

Show Comments

Extras

Top Quizzes Today


Score Distribution

Your Account Isn't Verified!

In order to create a playlist on Sporcle, you need to verify the email address you used during registration. Go to your Sporcle Settings to finish the process.

Report this User

Report this user for behavior that violates our Community Guidelines.

Details: